|
|
|
|
| LEADER |
00000nam0a2200000 4500 |
| 001 |
105433 |
| 005 |
20231101214618.0 |
| 035 |
|
|
|a (RuTPU)RU\TPU\book\113778
|
| 090 |
|
|
|a 105433
|
| 100 |
|
|
|a 20061116d1970 m y0rusy50 ca
|
| 101 |
0 |
|
|a rus
|
| 102 |
|
|
|a RU
|
| 105 |
|
|
|a a z 001zy
|
| 200 |
1 |
|
|a Производство карбамида
|f К. Н. Синева [и др.]
|g под ред. В. В. Лебедева
|
| 210 |
|
|
|a Москва
|c Химия
|d 1970
|
| 215 |
|
|
|a 232 с.
|c черт.
|
| 320 |
|
|
|a Библиогр. в конце гл.
|
| 606 |
1 |
|
|a Мочевина
|x Производство
|2 stltpush
|3 (RuTPU)RU\TPU\subj\32529
|9 55051
|
| 610 |
1 |
|
|a карбамид
|
| 610 |
1 |
|
|a производство
|
| 610 |
1 |
|
|a технологические схемы
|
| 610 |
1 |
|
|a технологические узлы
|
| 610 |
1 |
|
|a аппараты
|
| 610 |
1 |
|
|a техника безопасности
|
| 675 |
|
|
|a 661.717
|v 3
|
| 701 |
|
1 |
|a Синева
|b К. Н.
|g Капитолина Николаевна
|
| 701 |
|
1 |
|a Рябов
|b В. Ф.
|g Василий Федорович
|
| 701 |
|
1 |
|a Аникин
|b В. Н.
|g Василий Николаевич
|
| 701 |
|
1 |
|a Гендельман
|b А. Б.
|g Арон Беркович
|
| 702 |
|
1 |
|a Лебедев
|b В. В.
|g Владимир Васильевич
|4 340
|
| 801 |
|
1 |
|a RU
|b 63413507
|c 20061116
|g PSBO
|
| 801 |
|
2 |
|a RU
|b 63413507
|c 20180629
|g PSBO
|
| 942 |
|
|
|c BK
|